ბათუმის შოთა რუსთაველის სახელმწიფო უნივერსიტეტის ბიბლიოთეკა

საკურსო სამუშაოების მოცემულობანი თეორიულ მექამიკაში: (დინამიკა) / (ბიბ.ჩანაწერი № 38422)

000 -ლიდერი
ფიქსირებული სიგრძის საკონტროლო ველი 00971nam a2200217Ia 4500
001 - საკონტროლო ნომერი
საკონტროლო ველი 4433
003 - საკონტროლო ნომრის იდენტიფიკატორი
საკონტროლო ველი GE_BSU
005 - ბოლო ოპერაციის თარიღი და დრო
საკონტროლო ველი 20190517150355.0
008 - ფიქსირებული სიგრძის მონაცემთა ელემენტები - ზოგადი ინფორმაცია
ფიქსირებული სიგრძის საკონტროლო ველი 181216s1972||||ge |||||||||||||| ||geo||
040 ## - კატალოგიზაციის წყარო
Transcribing agency GE_BSU
041 ## - ენის კოდი
Language code of text/sound track or separate title geo
080 ## - უნივერსალური ათობითი კლასიფიკაციის ინდექსი
Universal Decimal Classification number 531.01(07) ს–19
245 ## - ცნობა სათაურის შესახებ
Title საკურსო სამუშაოების მოცემულობანი თეორიულ მექამიკაში: (დინამიკა) /
Statement of responsibility, etc შემდგ : ა. შარანგია ; რედ : ე. კირვალიძე.
264 ## - წარმოების, გამოცემის, დისტრიბუციის და სხვა ცნობები
გამოცემის, წარმოების, დისტრიბუციის... ადგილი თბილისი :
გამოცემის, წარმოების, დისტრიბუციის... სახელწოდება სპი,
გამოცემის, წარმოების, დისტრიბუციის... თარიღი 1972.
300 ## - ფიზიკური აღწერა
Extent 57 გვ .:
Dimensions 20 სმ.
653 ## - INDEX TERM--UNCONTROLLED
Uncontrolled term თეორიული მექანიკა. დინამიკა
653 ## - INDEX TERM--UNCONTROLLED
Uncontrolled term დინამიკა
700 ## - ADDED ENTRY--PERSONAL NAME
Personal name შარანგია, ა
Relator term შემდგენელი
9 (RLIN) 1283
700 ## - ADDED ENTRY--PERSONAL NAME
Personal name კირვალიძე, ე.
Relator term რედაქტორი
9 (RLIN) 492
942 ## - ADDED ENTRY ELEMENTS (KOHA)
Koha item type წიგნი
Source of classification or shelving scheme
ეგზემპლარები
ჩამოწერის სტატუსი დაკარგული ეგზემპლარის სტატუსი კლასიფიკაციის წყარო ან თაროზე გაწყობის სქემა დაზიანების სტატუსი არ გაიცემა მუდმივი მდებარეობა (დაცვის ადგილი) ამჟამინდელი ადგილსამყოფელი თაროზე განთავსების ადგილი შეძენის თარიღი ღირებულება, შესყიდვის ნორმალური ფასი სრული შენახვის შიფრი შტრიხკოდი ბოლო ოპერაციის თარიღი ეგზემპლარის მიმდევრობითი ნომერი (კეტერი?) ფასის ძალაში შესვლის თარიღი ეგზემპლარის სახეობა საჯარო შენიშვნა
          ტექნოლოგიური ფაკულტეტის ბიბლიოთეკა ტექნოლოგიური ფაკულტეტის ბიბლიოთეკა წიგნსაცავი 2018-12-17 3.00 531.01(07) ს–19 8659 2018-12-17 8659 2018-12-17 წიგნი 3 ლ. 22 თ.
          ტექნოლოგიური ფაკულტეტის ბიბლიოთეკა ტექნოლოგიური ფაკულტეტის ბიბლიოთეკა წიგნსაცავი 2018-12-17 3.00 531.01(07) ს–19 8660 2018-12-17 8660 2018-12-17 წიგნი 3 ლ. 22 თ.
          ტექნოლოგიური ფაკულტეტის ბიბლიოთეკა ტექნოლოგიური ფაკულტეტის ბიბლიოთეკა წიგნსაცავი 2018-12-17 3.00 531.01(07) ს–19 8661 2018-12-17 8661 2018-12-17 წიგნი 3 ლ. 22 თ.